00278nam a2200121Ia 4500008004100000100002000041245003000061260002000091300000900111650001200120942000700132999001700139190216s9999||||xx |||||||||||||| ||und|| aAlexandre Dumas 4aThe Count Of Monte Cristo bMacmillanc1989 a175p aEnglish cBK c13488d13488